Đaghextan của tôi /
Αποθηκεύτηκε σε:
| Κύριοι συγγραφείς: | , |
|---|---|
| Μορφή: | Sách giấy |
| Γλώσσα: | Vietnamese |
| Έκδοση: |
Hà Nội :
Văn học ,
1997
|
| Ετικέτες: |
Προσθήκη ετικέτας
Δεν υπάρχουν, Καταχωρήστε ετικέτα πρώτοι!
|
| Thư viện lưu trữ: | Thư viện Trường Đại học Đà Lạt |
|---|
| LEADER | 00618nam a2200253 4500 | ||
|---|---|---|---|
| 001 | DLU020010924 | ||
| 005 | ##12/6/1999 | ||
| 041 | # | # | |a vie |
| 082 | # | # | |a 891.73 |b GA-R |
| 090 | # | # | |a 891.73 |b GA-R |
| 100 | # | # | |a Bằng Việt |
| 100 | # | # | |a Phan Hồng Giang |
| 245 | # | # | |a Đaghextan của tôi / |c Phan Hồng Giang, Bằng Việt, Gamzatốp Raxun |
| 260 | # | # | |a Hà Nội : |b Văn học , |c 1997 |
| 300 | # | # | |a 598 tr.; |c 19 cm. |
| 992 | # | # | |a 47000 |
| 994 | # | # | |a DLU |
| 900 | # | # | |a False |
| 911 | # | # | |a Administrator |
| 925 | # | # | |a G |
| 926 | # | # | |a A |
| 927 | # | # | |a SH |
| 980 | # | # | |a Thư viện Trường Đại học Đà Lạt |